[Event "Chigorin Memorial Open"]
[Site "St Petersburg RUS"]
[Date "2011.10.16"]
[Round "3.27"]
[White "Ajrapetian, Gevorg"]
[Black "Volkov, Sergey"]
[Result "0-1"]
[WhiteTitle "IM"]
[BlackTitle "GM"]
[WhiteElo "2420"]
[BlackElo "2614"]
[WhiteFideId "4174232"]
[BlackFideId "4122763"]
[EventDate "2011.10.14"]

1. e4 e6 2. d4 d5 3. Nd2 Nf6 4. e5 Nfd7 5. Bd3 c5 6. c3 Nc6 7. Ne2 cxd4 8. cxd4
f6 9. exf6 Nxf6 10. O-O Bd6 11. Nf3 O-O 12. Bf4 Bxf4 13. Nxf4 Ng4 14. g3 g5 15.
Ng2 Qf6 16. Be2 Nh6 17. Qd2 Nf5 18. Rad1 g4 19. Ne5 Nfxd4 20. Nxg4 Qg7 21. f4
Bd7 22. Ne5 Rac8 23. Rfe1 Nxe5 24. Qxd4 Nc4 25. Qxg7+ Kxg7 26. Bxc4 Rxc4 27. Ne3
Ra4 28. a3 Re4 29. Nc2 Ba4 30. Rxe4 Bxc2 31. Red4 Bxd1 32. Rxd1 Rc8 33. Rd2 Kf6
34. Kf2 a5 35. Ke3 Rc1 36. Kf3 h5 37. Re2 b5 38. Rd2 Rc4 39. Ke3 b4 40. axb4
Rxb4 41. Re2 a4 42. Kd3 h4 43. Ke3 Kf5 44. Kf3 Rb3+ 45. Kf2 d4 46. Re5+ Kg4 47.
Rg5+ Kh3 48. gxh4 Rxb2+ 49. Kf3 Kxh4 50. Ra5 Ra2 51. Ke4 a3 52. Kxd4 Kg4 53. Ke3
Rxh2 54. Rg5+ Kh4 55. Ra5 a2 56. Kf3 Rb2 57. Ke3 Kg3 58. Rg5+ Kh2 59. Ra5 Kg2
60. Kd3 Kf3 61. f5 Rb5 62. Rxa2 exf5 63. Kd4 f4 64. Ra7 Kf2 65. Kd3 Re5 66. Ra4
Kg3 67. Kd4 Re8 68. Ra6 f3 69. Rg6+ 0-1

[Event "Chigorin Memorial Open"]
[Site "St Petersburg RUS"]
[Date "2011.10.16"]
[Round "3.29"]
[White "Oparin, Grigoriy"]
[Black "Papin, Vasily"]
[Result "1/2-1/2"]
[WhiteTitle "IM"]
[BlackTitle "GM"]
[WhiteElo "2413"]
[BlackElo "2583"]
[WhiteFideId "24125890"]
[BlackFideId "4143183"]
[EventDate "2011.10.14"]

1. e4 c5 2. Nf3 e6 3. d4 cxd4 4. Nxd4 a6 5. Nc3 Qc7 6. Be2 Bb4 7. Qd3 Nf6 8. O-O
Nc6 9. Nxc6 bxc6 10. Bg5 Be7 11. f4 d5 12. e5 Ng8 13. Bxe7 Nxe7 14. Na4 O-O 15.
Qc3 a5 16. Nc5 Qb6 17. Kh1 Rd8 18. Qa3 Nf5 19. Bd3 Nd4 20. Qc3 Nb5 21. Na4 Qd4
22. Bxb5 Qxc3 23. Nxc3 cxb5 24. Rfd1 Bd7 25. Ne2 f6 26. Nd4 fxe5 27. fxe5 Kf7
28. Rd3 Ke7 29. Rg3 Rg8 30. Rf1 Rac8 31. h4 b4 32. Rf4 Rc4 33. Kg1 Be8 34. b3
Rc8 35. Rfg4 Kf7 36. Kf2 Bd7 37. Ke1 Rcf8 38. Kd2 g6 39. Rf4+ Ke7 40. Rxf8 Rxf8
41. Rf3 Rg8 42. g4 a4 43. c3 axb3 44. axb3 bxc3+ 45. Kxc3 Rc8+ 46. Kb2 Rb8 47.
Rf6 Rc8 48. g5 Rg8 49. Ne2 Rb8 50. h5 gxh5 51. Rh6 Rg8 52. Rxh7+ Kd8 53. Rxh5
Be8 54. g6 Bxg6 55. Rg5 Rh8 56. Nd4 Bf7 57. Kc3 Rh4 58. Rg1 Re4 59. Ra1 Be8 60.
Ra8+ Kd7 61. Ra7+ Kc8 62. Ra8+ Kd7 63. Ra7+ Kc8 1/2-1/2

[Event "Chigorin Memorial Open"]
[Site "St Petersburg RUS"]
[Date "2011.10.16"]
[Round "3.30"]
[White "Maletin, Pavel"]
[Black "Solovjov, Sergey I."]
[Result "1-0"]
[WhiteTitle "GM"]
[BlackTitle "IM"]
[WhiteElo "2579"]
[BlackElo "2398"]
[WhiteFideId "4146786"]
[BlackFideId "4122780"]
[EventDate "2011.10.14"]

1. c4 Nf6 2. Nf3 g6 3. d4 Bg7 4. g3 O-O 5. Bg2 d6 6. Nc3 Nbd7 7. O-O e5 8. e4 c6
9. h3 Qa5 10. Re1 exd4 11. Nxd4 Ne5 12. Bf1 Re8 13. Rb1 a6 14. b4 Qc7 15. f4
Ned7 16. Bg2 c5 17. bxc5 Qxc5 18. Be3 Qxc4 19. Rc1 Qb4 20. Nb3 a5 21. a3 Qxa3
22. Nb5 Qb4 23. Nxd6 a4 24. Nxe8 Nxe8 25. Nc5 Nxc5 26. Bxc5 Qb2 27. e5 Be6 28.
Qf3 a3 29. Rb1 Qa2 30. Ra1 1-0

[Event "Chigorin Memorial Open"]
[Site "St Petersburg RUS"]
[Date "2011.10.16"]
[Round "3.32"]
[White "Maiorov, Nikita1"]
[Black "Derbenev, Andrey"]
[Result "1-0"]
[WhiteTitle "GM"]
[WhiteElo "2558"]
[BlackElo "2353"]
[WhiteFideId "13501720"]
[BlackFideId "4154169"]
[EventDate "2011.10.14"]

1. d4 Nf6 2. c4 e6 3. Nc3 c5 4. d5 exd5 5. cxd5 d6 6. Nf3 g6 7. g3 Bg7 8. Bg2
O-O 9. O-O Na6 10. h3 Re8 11. Nd2 Rb8 12. a4 Nb4 13. Nc4 Bf5 14. Bf4 Bf8 15. Rc1
a6 16. a5 Nh5 17. Bd2 Bd7 18. Nb6 Bg7 19. g4 Nf6 20. Bf4 Bb5 21. Re1 Qe7 22. Qd2
Rbd8 23. b3 Qf8 24. Bh2 h6 25. Kh1 Qe7 26. Bf4 Kh7 27. Nc4 Bxc4 28. bxc4 Qc7 29.
Ra1 Nd7 30. Ra3 Ne5 31. Bxe5 Bxe5 32. Ne4 Qe7 33. f4 Bg7 34. Rf1 Qh4 35. f5 Kg8
36. f6 Bf8 37. Rf4 Re5 38. Kh2 Rde8 39. g5 Rxe4 40. Rxh4 Rxh4 41. Re3 Rxe3 42.
Qxe3 hxg5 43. Be4 Rf4 44. Bxg6 Rxf6 45. Bh5 Rf4 46. Qe8 Kg7 47. e3 Rf6 48. Qe4
Rh6 49. Bg4 Rh4 50. Kg2 Rh6 51. Kf1 Rh4 52. Ke2 Rh6 53. Qf5 Be7 54. Qd7 Kf8 55.
Qxb7 Rh4 56. Qc8+ Kg7 57. Qe8 Kf6 58. Qd7 Rh8 59. e4 Rd8 60. Qf5+ Kg7 61. e5
dxe5 62. Qxe5+ Bf6 63. Qc7 Re8+ 64. Kd2 Bd4 65. Be6 Rf8 66. d6 Kg6 67. Qe7 Bg7
68. Bd7 g4 69. hxg4 Bh6+ 70. Kd1 1-0

[Event "Chigorin Memorial Open"]
[Site "St Petersburg RUS"]
[Date "2011.10.16"]
[Round "3.33"]
[White "Hayrapetian, Ovik"]
[Black "Yakovich, Yuri"]
[Result "1/2-1/2"]
[WhiteTitle "IM"]
[BlackTitle "GM"]
[WhiteElo "2398"]
[BlackElo "2549"]
[WhiteFideId "13302639"]
[BlackFideId "4100654"]
[EventDate "2011.10.14"]

1. d4 Nf6 2. Nf3 d5 3. c4 e6 4. Nc3 dxc4 5. Qa4+ c6 6. Qxc4 b5 7. Qb3 Nbd7 8. g3
b4 9. Na4 c5 10. Bg2 Bb7 11. Nxc5 Nxc5 12. dxc5 Bxc5 13. Qa4+ Qd7 14. Qxd7+ Nxd7
15. O-O Ke7 16. b3 f6 17. Bb2 Rac8 18. Rfd1 Rc7 19. Rac1 Rhc8 20. Ne1 Ba6 21. e3
Bd6 22. Rxc7 Rxc7 23. Bf1 Bb7 24. Bg2 Bxg2 25. Kxg2 Be5 26. Bxe5 Nxe5 27. Kf1 a5
28. Ke2 Rc3 29. Rd2 Rc1 30. Nd3 Nxd3 31. Kxd3 Rc3+ 32. Ke2 f5 33. Kd1 Kf6 34.
Rc2 Rxc2 35. Kxc2 Ke5 36. Kd3 Kd5 37. Kd2 Ke4 38. Ke2 e5 39. f3+ Kd5 40. Kd2 g5 1/2-1/2

[Event "Chigorin Memorial Open"]
[Site "St Petersburg RUS"]
[Date "2011.10.16"]
[Round "3.35"]
[White "Dzhangobegov, Vladimir"]
[Black "Ionov, Sergey"]
[Result "0-1"]
[BlackTitle "GM"]
[WhiteElo "2333"]
[BlackElo "2540"]
[WhiteFideId "4180984"]
[BlackFideId "4100875"]
[EventDate "2011.10.14"]

1. e4 c6 2. d4 d5 3. e5 Bf5 4. Nf3 e6 5. Be2 Ne7 6. O-O c5 7. c4 dxc4 8. Na3
Nec6 9. Bg5 Be7 10. Bxe7 Qxe7 11. Nxc4 O-O 12. dxc5 Na6 13. Qd6 Nxc5 14. Qxe7
Nxe7 15. Nd6 Bd3 16. Nd4 Bxe2 17. Nxe2 Nd5 18. Rfd1 Rad8 19. Rac1 b6 20. Nd4 Rd7
21. g3 Nb4 22. Ra1 Nbd3 23. f4 Nxb2 24. Rd2 Nba4 25. Rc1 Nb7 26. Nc6 Nac5 27.
Rcd1 Nxd6 28. exd6 f6 29. Rd4 Kf7 30. g4 Rc8 31. Ne7 Ra8 32. Nc6 Ke8 33. h4 Rf7
34. Nb4 Kd7 35. Nd3 Rc8 36. Nf2 e5 37. fxe5 fxe5 38. Rd5 Rxf2 39. Kxf2 Ne4+ 40.
Ke1 Nc3 41. Rxe5 Nxd1 42. Kxd1 Kxd6 43. Rh5 h6 44. Rf5 Ke6 45. Rf4 Rc7 46. Kd2
Rf7 47. Re4+ Kd5 48. Ke3 b5 49. g5 hxg5 50. hxg5 Rf5 51. Rd4+ Ke6 52. Rg4 Rc5
53. Kd3 Kf5 54. Rg2 g6 55. Kd4 Rc4+ 56. Kd5 a6 57. Rg3 Rg4 58. Re3 Kxg5 59. Re5+
Kh6 60. Re2 Rf4 61. Ke5 g5 62. Rc2 Kh5 63. Rh2+ Kg4 64. Rg2+ Kh4 65. Rh2+ Kg3
66. Rh5 g4 67. Rh1 Rf2 0-1

[Event "Chigorin Memorial Open"]
[Site "St Petersburg RUS"]
[Date "2011.10.16"]
[Round "3.36"]
[White "Leontiev, Aleksandr V."]
[Black "Mastrovasilis, Athanasios"]
[Result "0-1"]
[WhiteTitle "IM"]
[BlackTitle "GM"]
[WhiteElo "2329"]
[BlackElo "2529"]
[WhiteFideId "4122968"]
[BlackFideId "4201990"]
[EventDate "2011.10.14"]

1. c4 e6 2. Nf3 d5 3. g3 Nf6 4. Bg2 dxc4 5. Qa4+ c6 6. Qxc4 b5 7. Qc2 Bb7 8. O-O
Nbd7 9. a4 a6 10. d4 c5 11. Nbd2 Be7 12. b3 O-O 13. Bb2 Rc8 14. axb5 axb5 15.
Qd3 Qb6 16. Rfc1 Rfd8 17. e4 Ra8 18. Qe3 Rxa1 19. Rxa1 Ra8 20. Rxa8+ Bxa8 21.
dxc5 Qxc5 22. Qxc5 Bxc5 23. Nd4 e5 24. Nxb5 Ng4 25. h3 Nxf2 26. Kf1 Nd1 27. Ba3
Ne3+ 28. Kf2 Bb6 29. Bf3 Bc6 30. Be2 Nf6 31. Kf3 Nc2 32. Bd1 Ne3 33. Nc3 h5 34.
Be7 Nd7 35. b4 Nxd1 36. Nxd1 f5 37. Nc3 Kf7 38. Bg5 Nf6 39. Be3 Bd4 40. b5 Bb7
41. Na4 Nxe4 42. Nxe4 Bxe4+ 43. Ke2 Ke6 44. Nc5+ Bxc5 45. Bxc5 g5 46. Kf2 Bb7
47. Be3 f4 48. Bc1 h4 49. gxh4 gxh4 50. Ba3 e4 51. Bb4 Kf5 52. Be7 e3+ 53. Ke2
Ke4 54. Bxh4 f3+ 55. Kf1 Bc8 56. b6 Bxh3+ 57. Ke1 Bc8 58. Kf1 Ba6+ 59. Ke1 Kf4
60. b7 Bxb7 0-1

[Event "Chigorin Memorial Open"]
[Site "St Petersburg RUS"]
[Date "2011.10.16"]
[Round "3.37"]
[White "Yevseev, Denis"]
[Black "Barhudarian, Rafael"]
[Result "1-0"]
[WhiteTitle "GM"]
[BlackTitle "FM"]
[WhiteElo "2529"]
[BlackElo "2325"]
[WhiteFideId "4126378"]
[BlackFideId "4182685"]
[EventDate "2011.10.14"]

1. d4 Nc6 2. d5 Ne5 3. e4 e6 4. f4 Ng6 5. dxe6 dxe6 6. Qxd8+ Kxd8 7. Nf3 Bc5 8.
Nc3 Bd7 9. Bd3 Nh6 10. e5 Bc6 11. Be4 Ne7 12. Bd2 Ke8 13. Bxc6+ Nxc6 14. Ne4 Be7
15. O-O-O Rd8 16. c3 Rd5 17. h3 Kd8 18. g4 Kc8 19. Be3 f5 20. exf6 gxf6 21. Rxd5
exd5 22. Ng3 Re8 23. Nh5 Bd6 24. Bd2 Ng8 25. Nh4 Re4 26. Nf5 Bc5 27. Rf1 Re2 28.
Rf3 d4 29. Nhg3 Re8 30. c4 a5 31. a3 a4 32. Kc2 Kd7 33. Kd3 b6 34. Nh5 Rf8 35.
Rf1 Nge7 36. Nxe7 Nxe7 37. Re1 Ng6 38. Re2 Rf7 39. Be1 Bd6 40. f5 Ne5+ 41. Kxd4
Nf3+ 42. Kd3 Ng1 43. Re6 Nxh3 44. Nxf6+ Kc6 45. Nh5 Ng5 46. Re2 Nf3 47. Bc3 Rf8
48. Nf6 h6 49. Re6 Kb7 50. Ne4 Bf4 51. Bg7 Rd8+ 52. Ke2 Ng1+ 53. Kf2 Nh3+ 54.
Kg2 Rd3 55. Bxh6 Rb3 56. Bg7 Bc1 57. Re8 Nf4+ 58. Kf2 Rh3 59. Rh8 Be3+ 60. Ke1
Nd3+ 1-0

[Event "Chigorin Memorial Open"]
[Site "St Petersburg RUS"]
[Date "2011.10.16"]
[Round "3.39"]
[White "Belous, Vladimir"]
[Black "Bazeev, German"]
[Result "1/2-1/2"]
[WhiteElo "2504"]
[BlackElo "2291"]
[WhiteFideId "4174003"]
[BlackFideId "24119350"]
[EventDate "2011.10.14"]

1. e4 c5 2. Nf3 d6 3. d4 cxd4 4. Nxd4 Nf6 5. Nc3 Nc6 6. Bg5 e6 7. Qd2 a6 8.
O-O-O h6 9. Nxc6 bxc6 10. Bf4 d5 11. Qe3 Be7 12. Be2 Nd7 13. h4 O-O 14. Qg3 Kh8
15. Bc7 Qe8 16. Rhe1 Bb7 17. Kb1 Rc8 18. Bf4 Qd8 19. e5 Rg8 20. Bh5 Qe8 21. Qe3
c5 22. Nxd5 Bxd5 23. Rxd5 exd5 24. e6 g6 25. exd7 Qxd7 26. Qxe7 Qxe7 27. Rxe7
gxh5 28. Be5+ Kh7 29. Rxf7+ Kg6 30. Rf6+ Kh7 31. Rf7+ Kg6 32. Rf6+ Kh7 33. Rf7+
Kg6 34. Rf6+ 1/2-1/2

[Event "Chigorin Memorial Open"]
[Site "St Petersburg RUS"]
[Date "2011.10.16"]
[Round "3.41"]
[White "Kurnosov, Igor"]
[Black "Usmanov, Vasily"]
[Result "1-0"]
[WhiteTitle "GM"]
[WhiteElo "2648"]
[BlackElo "2238"]
[WhiteFideId "4142527"]
[BlackFideId "4135741"]
[EventDate "2011.10.14"]

1. e4 c5 2. Nf3 d6 3. d4 cxd4 4. Nxd4 Nf6 5. Nc3 Nc6 6. Bg5 Bd7 7. Qd2 Rc8 8. f3
Nxd4 9. Qxd4 Qa5 10. h4 a6 11. O-O-O h6 12. Be3 h5 13. Bc4 e6 14. Bb3 Be7 15.
Qa7 Bc6 16. Bb6 Qe5 17. Bd4 Qa5 18. Bb6 Qe5 19. Rdf1 Bd8 20. Bxd8 Rxd8 21. Qe3
b5 22. Rd1 a5 23. Qb6 Qc5 24. Qxa5 O-O 25. Ne2 e5 26. Qc3 Qb6 27. Ng3 b4 28. Qd2
Kh8 29. Nf5 Qc7 30. Nxg7 Kxg7 31. Qg5+ 1-0

[Event "Chigorin Memorial Open"]
[Site "St Petersburg RUS"]
[Date "2011.10.16"]
[Round "3.42"]
[White "Zakharchenko, Arnold"]
[Black "Matlakov, Maxim"]
[Result "1/2-1/2"]
[WhiteTitle "IM"]
[BlackTitle "GM"]
[WhiteElo "2225"]
[BlackElo "2630"]
[WhiteFideId "14103745"]
[BlackFideId "4168003"]
[EventDate "2011.10.14"]

1. c4 e5 2. Nc3 Nf6 3. Nf3 Nc6 4. g3 g6 5. Bg2 Bg7 6. O-O O-O 7. d4 exd4 8. Nxd4
Re8 9. Nxc6 bxc6 10. Rb1 Rb8 11. b3 c5 12. Bb2 d6 13. Qd2 h5 14. Nd5 Nxd5 15.
Bxd5 Bf5 16. Bxg7 Kxg7 17. Rbc1 Qf6 18. Rfe1 h4 19. Qa5 hxg3 20. hxg3 Re5 21.
Qxc7 Rh8 22. Bg2 Be4 23. Bxe4 Rxe4 24. Qa5 Rh2 25. Rf1 Rh5 26. Qc3 Rxe2 27.
Qxf6+ Kxf6 28. Rcd1 Ke6 29. Rfe1 Rhe5 30. Rxe2 Rxe2 31. a4 g5 32. Kf1 Rb2 33.
Rd3 g4 34. Kg2 Kd7 35. Kf1 Kc6 36. Ke1 Kd7 37. Kf1 f6 38. Ke1 Ke6 39. Kf1 f5 40.
Kg2 Re2 41. Kf1 Re5 42. f4 gxf3 43. Kf2 d5 44. cxd5+ Rxd5 45. Re3+ Kd6 1/2-1/2

[Event "Chigorin Memorial Open"]
[Site "St Petersburg RUS"]
[Date "2011.10.16"]
[Round "3.43"]
[White "Martynov, Pavel2"]
[Black "Aleksandrov, Aleksej"]
[Result "0-1"]
[BlackTitle "GM"]
[WhiteElo "2223"]
[BlackElo "2618"]
[WhiteFideId "4122186"]
[BlackFideId "13500139"]
[EventDate "2011.10.14"]

1. e4 e5 2. Nf3 Nc6 3. Bb5 a6 4. Ba4 Nf6 5. O-O Be7 6. Bxc6 dxc6 7. Qe1 c5 8.
Nxe5 Qd4 9. Nf3 Qxe4 10. Qxe4 Nxe4 11. Re1 Nf6 12. b3 Be6 13. Ba3 Nd5 14. Bb2
O-O 15. a4 Nb4 16. Na3 Rfd8 17. d3 h6 18. Re2 Bf8 19. Ne5 Bf5 20. Nac4 f6 21.
Nf3 Bg4 22. Ne3 Bxf3 23. gxf3 Kf7 24. Kg2 Nc6 25. f4 Nd4 26. Bxd4 cxd4 27. Nf5
Rd5 28. Ng3 Bb4 29. Ne4 Rf5 30. Kg3 Re8 31. h4 Rh5 32. Kg4 f5+ 0-1

[Event "Chigorin Memorial Open"]
[Site "St Petersburg RUS"]
[Date "2011.10.16"]
[Round "3.44"]
[White "Shurunov, Arseny"]
[Black "Epishin, Vladimir"]
[Result "1-0"]
[WhiteTitle "FM"]
[BlackTitle "GM"]
[WhiteElo "2219"]
[BlackElo "2544"]
[WhiteFideId "24111570"]
[BlackFideId "4162714"]
[EventDate "2011.10.14"]

1. d4 d5 2. c4 e6 3. Nf3 Nd7 4. cxd5 exd5 5. Nc3 c6 6. Bf4 Ndf6 7. e3 Ne7 8. Bd3
Nf5 9. Qc2 Nd6 10. O-O Be7 11. Ne5 h6 12. b4 O-O 13. b5 cxb5 14. Nxb5 Nxb5 15.
Bxb5 Be6 16. Bd3 Bd6 17. Rfb1 Qe7 18. Qb3 Rab8 19. Qa4 a6 20. Rb6 Bc7 21. Rb2
Ne4 22. Rc1 Bxe5 23. Bxe5 Rbc8 24. Rbc2 Rxc2 25. Rxc2 Rc8 26. Rxc8+ Bxc8 27. Qc2
Be6 28. f3 Nd6 29. Qc5 Nc8 30. Qxe7 Nxe7 31. Kf2 f5 32. Ke2 Kf7 33. Kd2 Nc6 34.
Bd6 h5 35. h4 g6 36. Kc3 Ke8 37. a3 Kd7 38. Bf8 Bf7 39. e4 fxe4 40. fxe4 Na7 41.
a4 dxe4 42. Bxe4 b5 43. Bc5 Nc6 44. axb5 axb5 45. Bd3 b4+ 46. Bxb4 Nd8 47. Be4
Ne6 48. d5 Ng7 49. Kd4 Nf5+ 50. Ke5 Nxh4 51. Bd3 Bxd5 52. g3 Ng2 53. Kxd5 h4 54.
Be4 Ne3+ 55. Kd4 Ng4 56. gxh4 Ke6 57. Bxg6 Kf6 1-0

[Event "Chigorin Memorial Open"]
[Site "St Petersburg RUS"]
[Date "2011.10.16"]
[Round "3.45"]
[White "Gabrielian, Artur"]
[Black "Pashinsky, Mikhail"]
[Result "1-0"]
[WhiteTitle "GM"]
[WhiteElo "2531"]
[BlackElo "2228"]
[WhiteFideId "4131002"]
[BlackFideId "4152450"]
[EventDate "2011.10.14"]

1. Nf3 Nc6 2. g3 e5 3. d3 d5 4. Bg2 Nf6 5. O-O Be7 6. c3 O-O 7. Qc2 h6 8. Nbd2
a5 9. a4 Be6 10. e4 dxe4 11. dxe4 Qd7 12. Re1 Bc5 13. Nb3 Bb6 14. Be3 Bxe3 15.
Rxe3 Qe7 16. Bf1 Nd7 17. Nbd2 f6 18. Nh4 Qf7 19. f4 Qe7 20. Bc4 Bxc4 21. Nxc4
Qc5 22. Qb3 Kh7 23. Qb5 Rad8 24. Rd1 Qa7 25. Kg2 Nb6 26. Red3 Nxc4 27. Qxc4 Qb6
28. Qb5 Qxb5 29. axb5 Rxd3 30. Rxd3 Rd8 31. Rd5 Rxd5 32. exd5 Ne7 33. c4 g5 34.
fxe5 fxe5 35. Nf3 Kg6 36. Nxe5+ Kf5 37. Nf7 b6 38. Kf3 h5 39. b3 Nc8 40. Ke3 Nd6
41. Nd8 Ke5 42. Kd3 Ne8 43. Ne6 g4 44. Ke3 Nd6 45. Kd3 Ne8 46. Nf4 Nf6 47. Ke3
Ne4 48. Ne6 Nd6 49. Nd4 Ne4 50. Ne2 Nd6 51. Nf4 Ne4 52. Kd3 Nc5+ 53. Kc2 Kf5 54.
Nxh5 Ke4 55. Nf4 Kf3 56. Ne6 Nd7 57. Kd3 Kg2 58. Ke4 Kxh2 59. Kf4 Kg2 60. Kxg4
Kf2 61. Kf4 Ke2 62. g4 Kd3 63. g5 Kc3 64. Kf5 Kxb3 65. g6 1-0

[Event "Chigorin Memorial Open"]
[Site "St Petersburg RUS"]
[Date "2011.10.16"]
[Round "3.46"]
[White "Guzenko, Artem"]
[Black "Neverov, Valeriy"]
[Result "0-1"]
[BlackTitle "GM"]
[WhiteElo "2216"]
[BlackElo "2508"]
[WhiteFideId "24144460"]
[BlackFideId "14100150"]
[EventDate "2011.10.14"]

1. e4 c5 2. Nf3 e6 3. d4 cxd4 4. Nxd4 a6 5. Bd3 Bc5 6. Nb3 Be7 7. O-O Nc6 8. f4
d6 9. Be3 Nf6 10. c4 Nb4 11. h3 O-O 12. Nc3 Nxd3 13. Qxd3 Qc7 14. Rac1 Bd7 15.
Rfe1 Rfc8 16. Nd2 b5 17. cxb5 axb5 18. Nf3 Qb7 19. e5 dxe5 20. fxe5 Ne8 21. Rcd1
Bc6 22. Nd4 b4 23. Nxc6 Rxc6 24. Ne4 Rxa2 25. Bd4 Ra8 26. Rf1 h6 27. Kh1 Rd8 28.
Qf3 Bf8 29. Bc5 Rxd1 30. Rxd1 Qc7 31. Bd4 Rc1 32. Rxc1 Qxc1+ 33. Kh2 Qc4 34. Qg4
Qd5 35. Qf4 Be7 36. Nd2 Bg5 37. Qf2 Bxd2 38. Qxd2 b3 39. Qc3 Kh7 40. Qd3+ Kg8
41. Qc3 Qb7 42. Kg3 Nc7 43. Qd3 Qd5 44. Qe3 Qb5 45. Kh2 Nd5 46. Qd2 Qc4 47. Qf2
Qc2 48. Qh4 Kh7 49. Qg4 Ne7 50. Bc3 Nf5 51. Qf3 Nh4 52. Qg3 g5 53. Kg1 Kg6 54.
Kh2 h5 55. Kg1 Qe2 0-1

[Event "Chigorin Memorial Open"]
[Site "St Petersburg RUS"]
[Date "2011.10.16"]
[Round "3.47"]
[White "Sukhareva, Evgeniya"]
[Black "Rozum, Ivan"]
[Result "0-1"]
[BlackTitle "IM"]
[WhiteElo "2213"]
[BlackElo "2481"]
[WhiteFideId "4167155"]
[BlackFideId "24104272"]
[EventDate "2011.10.14"]

1. d4 Nf6 2. c4 c5 3. d5 e5 4. Nc3 d6 5. e4 Nbd7 6. Bd3 g6 7. Nge2 a6 8. h3 Rb8
9. Qc2 h5 10. g3 Be7 11. h4 O-O 12. f3 Ne8 13. Be3 Ng7 14. O-O-O b5 15. cxb5 Qa5
16. bxa6 Bxa6 17. Bxa6 Qxa6 18. Kb1 Rb7 19. Ka1 Rfb8 20. Rb1 Rb4 21. b3 Bd8 22.
Nc1 Ba5 23. Na4 c4 24. Nc3 R4b7 25. Rh2 Bb4 26. Nd1 Ba3 27. Ne2 cxb3 28. Rxb3
Rxb3 29. axb3 Ra8 30. Kb1 Bb4 0-1

[Event "Chigorin Memorial Open"]
[Site "St Petersburg RUS"]
[Date "2011.10.16"]
[Round "3.48"]
[White "Kalegin, Evgenij"]
[Black "Yakimenko, Alexander A."]
[Result "1-0"]
[WhiteTitle "IM"]
[WhiteElo "2467"]
[BlackElo "2211"]
[WhiteFideId "4103416"]
[BlackFideId "24141917"]
[EventDate "2011.10.14"]

1. e4 e6 2. d4 d5 3. Nc3 Bb4 4. e5 c5 5. a3 Bxc3+ 6. bxc3 Qa5 7. Bd2 Qa4 8. Rb1
c4 9. h4 Ne7 10. h5 h6 11. Nf3 Nbc6 12. g3 Bd7 13. Rxb7 O-O-O 14. Qb1 Qa6 15.
Rb2 Kc7 16. Bh3 Rb8 17. Rxb8 Rxb8 18. Qc1 Rb5 19. O-O Ra5 20. Qd1 Rxa3 21. Ne1
Ra1 22. Qg4 Nf5 23. Qf3 Qa5 24. Qf4 g5 25. hxg6 fxg6 26. Bxf5 gxf5 27. Qxh6 Rd1
28. Kg2 Qa1 29. Rh1 Qb1 30. Qf8 Rxd2 31. Qd6+ Kb6 32. Qxd7 Rd1 33. Qd6 Rxe1 34.
Qc5+ Ka6 35. Qxc6+ Ka5 36. Qc5+ Ka6 37. Qd6+ Ka5 38. Qb4+ Qxb4 39. cxb4+ Kxb4
40. Rxe1 Kc3 41. f3 Kxc2 42. g4 Kd2 43. Kf2 fxg4 44. fxg4 1-0

[Event "Chigorin Memorial Open"]
[Site "St Petersburg RUS"]
[Date "2011.10.16"]
[Round "3.49"]
[White "Nikitinyh, Boris"]
[Black "Airapetian, Gor"]
[Result "1/2-1/2"]
[BlackTitle "IM"]
[WhiteElo "2203"]
[BlackElo "2463"]
[WhiteFideId "4198328"]
[BlackFideId "4177916"]
[EventDate "2011.10.14"]

1. e4 e6 2. d4 d5 3. Nc3 Nf6 4. Bd3 c5 5. exd5 Nxd5 6. Nf3 Nxc3 7. bxc3 Be7 8.
O-O O-O 9. a4 Nd7 10. Qe2 Nf6 11. Rd1 Qc7 12. Bg5 Nd5 13. Bxe7 Qxe7 14. Qe4 g6
15. Qe1 Bd7 16. Ne5 Rfd8 17. Be4 Be8 18. c4 Nf6 19. c3 Rac8 20. a5 cxd4 21. cxd4
Nxe4 22. Qxe4 f6 23. Nd3 Rxc4 24. Nc5 Qxc5 25. Qxe6+ Bf7 26. Qxf7+ Kxf7 27. dxc5
Rxd1+ 28. Rxd1 Rxc5 29. Kf1 Ke7 30. Rb1 Rc7 31. Ke2 Rd7 32. Ke3 Kd8 33. Rb2 Kc8
34. Ke4 Rd1 35. Rc2+ Kd7 36. Rb2 Kc7 37. Rc2+ Kb8 38. f4 Ra1 39. Rc5 Ra2 40. Kf3
a6 41. h4 Rb2 42. f5 Rb3+ 43. Ke2 gxf5 44. Rxf5 Rb5 45. Rxf6 Rxa5 46. g4 h5 47.
Kf2 hxg4 48. Kg3 Rh5 49. Kxg4 Rh8 50. h5 Ka7 51. h6 a5 52. Kf5 a4 53. Ke4 b5 54.
Kd3 Rc8 55. h7 a3 56. Rf2 b4 57. Rc2 Rb8 58. Rg2 Rh8 59. Kc4 1/2-1/2

[Event "Chigorin Memorial Open"]
[Site "St Petersburg RUS"]
[Date "2011.10.16"]
[Round "3.50"]
[White "Gladyszev, Oleg"]
[Black "Naboka, Sergey"]
[Result "1-0"]
[WhiteTitle "IM"]
[WhiteElo "2463"]
[BlackElo "2210"]
[WhiteFideId "4118642"]
[BlackFideId "14123452"]
[EventDate "2011.10.14"]

1. d4 f5 2. g3 Nf6 3. Bg2 g6 4. Nh3 Bg7 5. c3 Nc6 6. Qb3 e6 7. Nd2 O-O 8. Nf4
Qe7 9. h4 d5 10. Nf3 Ne4 11. h5 g5 12. h6 Bh8 13. Nd3 b6 14. Be3 Na5 15. Qc2 Nc4
16. Bc1 c5 17. Nfe5 Nxe5 18. Nxe5 cxd4 19. Bxe4 Bxe5 20. cxd4 Bxd4 21. Bg2 Bb7
22. Bd2 Rac8 23. Qb3 Qf6 24. Rh5 Bxb2 25. Rxg5+ Kh8 26. Rb1 Bc3 27. Bxc3 Rxc3
28. Qb4 Rfc8 29. f4 R8c4 30. Qb2 Qxh6 31. Qb5 Bc6 32. Qa6 Qf8 33. Qxa7 h6 34.
Rg6 Be8 35. Rxe6 Bf7 36. Rexb6 Qg7 37. Rxh6+ Qxh6 38. Qxf7 Rc8 39. Kf2 Rc1 40.
Qxf5 Qg7 41. Qh5+ Kg8 42. Bxd5+ Kf8 43. Qf5+ Ke8 44. Qe4+ Kf8 45. Qf5+ Ke8 46.
Qe6+ Kd8 47. Qd6+ Ke8 48. Rb4 Qa7+ 49. Qb6 Qxb6+ 50. Rxb6 R8c3 51. Rb7 Rd1 52.
Bf7+ Kf8 53. Bb3 Rd2 54. Rf7+ Ke8 55. Rf5 Ke7 56. Rd5 Rb2 57. g4 Rh3 58. Re5+
Kf8 59. Kg2 Rc3 60. g5 Rd2 61. Kf2 Rh3 62. Re3 Rh2+ 63. Kf3 Kg7 64. Re7+ Kf8 65.
Re4 Kg7 66. Bc4 Rd1 67. Kg4 Rh8 68. Re7+ Kf8 69. Rb7 Rh2 70. Kf5 Rd4 71. Rc7 Rh3
72. g6 Rg3 73. e4 Rd6 74. Be6 Rb6 75. Kf6 1-0

[Event "Chigorin Memorial Open"]
[Site "St Petersburg RUS"]
[Date "2011.10.16"]
[Round "3.51"]
[White "Predke, Alexandr"]
[Black "Ivanov, Rostislav"]
[Result "0-1"]
[BlackTitle "FM"]
[WhiteElo "2461"]
[BlackElo "2202"]
[WhiteFideId "24107581"]
[BlackFideId "4160495"]
[EventDate "2011.10.14"]

1. Nc3 Nf6 2. e4 d6 3. d4 g6 4. Nf3 Bg7 5. Be2 O-O 6. O-O c6 7. h3 b5 8. e5 Ne8
9. a4 b4 10. Ne4 a5 11. Bf4 Na6 12. Qd2 Nac7 13. Bh6 Be6 14. Rfe1 Bd5 15. Bd3 f5
16. exf6 exf6 17. Bxg7 Nxg7 18. Qf4 Nce8 19. Ned2 Ra7 20. Qh6 Qd7 21. Nh4 Bf7
22. Re3 d5 23. Nb3 Nd6 24. Rf3 Qd8 25. Rf4 Be8 26. Nxg6 Bxg6 27. Bxg6 hxg6 28.
Qxg6 f5 29. f3 Qf6 30. Qg3 Nc4 31. Nc5 Nxb2 32. Kh2 Re7 33. Nd3 Nxd3 34. cxd3
Kf7 35. Rh4 Rg8 0-1